Statystyki dla 15 krajów o największej liczbie zgonów Covid19 - 11 sierpnia 2021

Kliknij tutaj aby rozwiązać quiz!

Ogólne statystyki

  • Ten quiz został rozwiązany 19 razy
  • Średni wynik to 14 z 25

Statystyki odpowiedzi

kraj% Poprawnych
Stany Zjednoczone
100%
Brazylia
94%
Włochy
94%
Hiszpania
88%
Niemcy
88%
Francja
81%
Rosja
81%
Wielka Brytania
81%
Argentyna
63%
Indie
63%
Meksyk
63%
Peru
56%
Belgia
50%
Kolumbia
50%
Słowacja
44%
Czechy
38%
Indonezja
31%
Iran
31%
Paragwaj
31%
Słowenia
31%
Chorwacja
25%
Węgry
25%
Bułgaria
19%
Bośnia i Hercegowina
13%
Macedonia Północna
13%

Rozkład punktacji

Percentyl według liczby udzielonych odpowiedzi

Procent ludzi z każdym wynikiem

Twoja historia wyników

Nie rozwiązałeś tego quizu